000 00403nam a2200169Ia 4500
001 17854
003 IN-NITTTR
005 20251114233209.0
008 251113s9999||||xx |||||||||||||| ||eng||
040 _beng
040 _cIN-NITTTR
041 _aeng
082 _a510.24658 L969M
100 _aLucking, Richard C.
245 0 _aMathematics for management. /
_cLucking, Richard C.
942 _2ddc
_cBK
999 _c20488
_d20488